The Princeless Prince/ (Record no. 200920)

MARC details
000 -LEADER
fixed length control field 00498nam a22001697a 4500
005 - DATE AND TIME OF LATEST TRANSACTION
control field 20240220121254.0
010 ## - LCCN (DPL NO)
LC control number ENG-139371
020 ## - INTERNATIONAL STANDARD BOOK NUMBER
Terms of availability 791.00
International Standard Book Number 9789390746804
035 ## - SYSTEM CONTROL NUMBER
System control number EN-122903
037 ## - SOURCE OF ACQUISITION
Source of stock number/acquisition DBAD/PUB
100 ## - MAIN ENTRY--PERSONAL NAME
Personal name Wangulu Khayongo,Simon
245 ## - TITLE STATEMENT
Title The Princeless Prince/
Statement of responsibility, etc Simon Wangulu Khayongo
260 ## - PUBLICATION, DISTRIBUTION, ETC. (IMPRINT)
Place of publication, distribution, etc Belgharia
Name of publisher, distributor, etc Exceller Books
Date of publication, distribution, etc 2021
270 ## - ADDRESS
Address G1,Dream Apartment,Degree College Road
City Kolkata
Postal code 700056
300 ## - PHYSICAL DESCRIPTION
Extent 75p.
Dimensions 22cm(pb)
942 ## - ADDED ENTRY ELEMENTS (KOHA)
Source of classification or shelving scheme Dewey Decimal Classification
Item type English Books
Call number suffix KHA
Classification part S
Holdings
Withdrawn status Lost status Not for loan Collection code Home library Current library Date acquired Source of acquisition Cost, normal purchase price Full call number Barcode Cost, replacement price Koha item type
      Non-fiction Ashok Vihar Ashok Vihar 20/02/2024 DBAD 791.00 KHA S EN-122903 791.00 English Books

© Delhi Public Library
Hit Counter
free hit counter